How to become a surveyor (Record no. 105551)

MARC details
000 -LEADER
fixed length control field 00640cam a22001935a 4500
001 - CONTROL NUMBER
control field ##L134127
008 - FIXED-LENGTH DATA ELEMENTS--GENERAL INFORMATION
fixed length control field 060712s1939 xxk 000 0 eng u
035 ## - SYSTEM CONTROL NUMBER
System control number (Sirsi) u134127
041 0# - LANGUAGE CODE
Language code of text/sound track or separate title eng
110 2# - MAIN ENTRY--CORPORATE NAME
Corporate name or jurisdiction name as entry element Royal Institution of Chartered Surveyors
9 (RLIN) 4900
245 00 - TITLE STATEMENT
Title How to become a surveyor
260 ## - PUBLICATION, DISTRIBUTION, ETC.
Place of publication, distribution, etc. London
Name of publisher, distributor, etc. RICS
Date of publication, distribution, etc. 1939
300 ## - PHYSICAL DESCRIPTION
Extent 7p.
Dimensions 22cm.
505 2# - FORMATTED CONTENTS NOTE
Formatted contents note Scope of the profession -- Prospects -- Training
520 ## - SUMMARY, ETC.
Summary, etc. Provides advice on entering the profession and advancing one's career by chartering.
651 #4 - SUBJECT ADDED ENTRY--GEOGRAPHIC NAME
Geographic name Great Britain
Chronological subdivision 1707-
690 ## - LOCAL SUBJECT ADDED ENTRY--TOPICAL TERM (OCLC, RLIN)
Topical term or geographic name as entry element CAREERS, EDUCATION AND TRAINING-CAREERS IN SURVEYING
942 ## - ADDED ENTRY ELEMENTS (KOHA)
Suppress in OPAC 0
Holdings
Withdrawn status Lost status Source of classification or shelving scheme Damaged status Not for loan Home library Current library Shelving location Date acquired Total Checkouts Full call number Barcode Date last seen Copy number Price effective from Koha item type
    Dewey Decimal Classification     Historic collection Historic collection RICS Boxes 12/07/2006   RICS 1939 134127-2001 06/08/2019 1 06/08/2019 Archive